| 000 -LEADER | |
|---|---|
| fixed length control field | 00684nam a22002297a 4500 |
| 003 - CONTROL NUMBER IDENTIFIER | |
| control field | OSt |
| 005 - DATE AND TIME OF LATEST TRANSACTION | |
| control field | 20250420134820.0 |
| 008 - FIXED-LENGTH DATA ELEMENTS--GENERAL INFORMATION | |
| fixed length control field | 210823b ||||| |||| 00| 0 eng d |
| 020 ## - INTERNATIONAL STANDARD BOOK NUMBER | |
| International Standard Book Number | 9781292021485 |
| 040 ## - CATALOGING SOURCE | |
| Transcribing agency | KCST |
| 082 ## - DEWEY DECIMAL CLASSIFICATION NUMBER | |
| Classification number | 512.9 |
| Item number | Bi In |
| 100 ## - MAIN ENTRY--PERSONAL NAME | |
| Personal name | Marvin L Bittinger; |
| 9 (RLIN) | 5234 |
| 245 ## - TITLE STATEMENT | |
| Title | Introductory and intermediate algebra / |
| Statement of responsibility, etc. | Marvin L Bittinger; Judith A Beecher |
| 250 ## - EDITION STATEMENT | |
| Edition statement | 4th ed. |
| Remainder of edition statement | Pearson new international edition |
| 260 ## - PUBLICATION, DISTRIBUTION, ETC. | |
| Place of publication, distribution, etc. | Harlow : |
| Name of publisher, distributor, etc. | Pearson, |
| Date of publication, distribution, etc. | 2014. |
| 300 ## - PHYSICAL DESCRIPTION | |
| Extent | ii, 1006 pages : |
| Other physical details | illustrations ; |
| Dimensions | 28 cm. |
| 440 ## - SERIES STATEMENT/ADDED ENTRY--TITLE | |
| Title | Pearson custom library. |
| 9 (RLIN) | 5235 |
| 650 ## - SUBJECT ADDED ENTRY--TOPICAL TERM | |
| Topical term or geographic name entry element | Algebra |
| 9 (RLIN) | 2068 |
| 700 ## - ADDED ENTRY--PERSONAL NAME | |
| Personal name | Beecher, Judith A |
| 9 (RLIN) | 5236 |
| 942 ## - ADDED ENTRY ELEMENTS (KOHA) | |
| Koha item type | Book |
| 942 ## - ADDED ENTRY ELEMENTS (KOHA) | |
| Source of classification or shelving scheme | Dewey Decimal Classification |
| Withdrawn status | Lost status | Source of classification or shelving scheme | Damaged status | Not for loan | Home library | Current library | Date acquired | Source of acquisition | Cost, normal purchase price | Total checkouts | Full call number | Barcode | Date last seen | Price effective from | Koha item type |
|---|---|---|---|---|---|---|---|---|---|---|---|---|---|---|---|
| Dewey Decimal Classification | KCST Library | KCST Library | 23/08/2021 | Donated by TA Mr. Abdullah -English Dept. | 0.00 | 512.9 Bi In | 1000000768 | 23/08/2021 | 23/08/2021 | Book |